Časové rozlíšenie v účtovníctve podnikateľov bakalárska práca

Saved in:
Bibliographic Details
Main Author: Fabianová, Elena
Corporate Author: Fakulta hospodárskej informatiky EU. Katedra účtovníctva a audítorstva
Other Authors: Maděra, František
Format: Book
Language:Slovak
Published: Bratislava 2010
Tags: Add Tag
No Tags, Be the first to tag this record!

MARC

LEADER 00000nam$a2200000$$$4500
001 0136734
005 20240320072753.7
041 0 |a slo 
044 |a SK 
245 1 0 |a Časové rozlíšenie v účtovníctve podnikateľov  |b bakalárska práca  |c Elena Fabianová ; školiteľ: František Maděra 
264 1 |a Bratislava  |c 2010 
300 |a 41 s. 
100 1 |a Fabianová, Elena 
700 1 |a Maděra, František 
710 2 |a Fakulta hospodárskej informatiky EU. Katedra účtovníctva a audítorstva